ORGANON OF MEDICINE AT A GLANCE FOR BHMS STUDENTS (Record no. 20466)

MARC details
000 -LEADER
fixed length control field 00302nam a22001337a 4500
003 - CONTROL NUMBER IDENTIFIER
control field SGT
082 ## - DEWEY DECIMAL CLASSIFICATION NUMBER
Classification number 610
Item number O07G
100 ## - MAIN ENTRY--PERSONAL NAME
Personal name GUPTA,A.C.
245 ## - TITLE STATEMENT
Title ORGANON OF MEDICINE AT A GLANCE FOR BHMS STUDENTS
260 ## - PUBLICATION, DISTRIBUTION, ETC. (IMPRINT)
Place of publication, distribution, etc INDIA
Name of publisher, distributor, etc B.JAIN PUB
Year of Publication 2007
300 ## - PAGE DESCRIPTION
No. of Pages 83
650 ## - SUBJECT ADDED ENTRY--TOPICAL TERM
Topical term or geographic name as entry element HOMOEOPATHIC
942 ## - ADDED ENTRY ELEMENTS (KOHA)
Source of classification or shelving scheme Dewey Decimal Classification
Koha item type Books
Holdings
Withdrawn status Lost status Source of classification or shelving scheme Damaged status Not for loan Home library Current library Shelving location Date acquired Vendor Name Cost, normal purchase price SGTU Bill Number Total Checkouts Full call number Accession No. (Barcode) Date last seen Bill Date Koha item type
    Dewey Decimal Classification     Homeopathy Library Homeopathy Library Text Book 12/08/2020 B.JAIN PUB. 30.00 SGTU 147010   610 O07G FH1941 12/08/2020 02/09/2016 Books
    Dewey Decimal Classification     Homeopathy Library Homeopathy Library Text Book 12/08/2020 B.JAIN PUB. 30.00 SGTU 147010   610 O07G FH1942 12/08/2020 02/09/2016 Books
    Dewey Decimal Classification     Homeopathy Library Homeopathy Library Text Book 12/08/2020 B.JAIN PUB. 30.00 SGTU 147010   610 O07G FH1943 12/08/2020 02/09/2016 Books
    Dewey Decimal Classification     Homeopathy Library Homeopathy Library Text Book 12/08/2020 B.JAIN PUB. 30.00 SGTU 147010   610 O07G FH1944 12/08/2020 02/09/2016 Books
    Dewey Decimal Classification     Homeopathy Library Homeopathy Library Text Book 12/08/2020 B.JAIN PUB. 30.00 SGTU 147010   610 O07G FH1945 12/08/2020 02/09/2016 Books
    Dewey Decimal Classification     Homeopathy Library Homeopathy Library Text Book 12/08/2020 B.JAIN PUB. 30.00 SGTU 147010   610 O07G FH1946 12/08/2020 02/09/2016 Books
    Dewey Decimal Classification     Homeopathy Library Homeopathy Library Text Book 12/08/2020 B.JAIN PUB. 30.00 SGTU 147010   610 O07G FH1947 12/08/2020 02/09/2016 Books
    Dewey Decimal Classification     Homeopathy Library Homeopathy Library Text Book 12/08/2020 B.JAIN PUB. 30.00 SGTU 147010   610 O07G FH1948 12/08/2020 02/09/2016 Books